Il cesso degli angeli

Guardat en:
Dades bibliogràfiques
Autor principal: AA.VV
Format: Llibre
Idioma:idioma desconegut
Publicat: Milano Gammalibri 1979
Etiquetes: Afegir etiqueta
Sense etiquetes, Sigues el primer a etiquetar aquest registre!

MARC

LEADER 00000nam a2200000Ia 4500
001 499
003 NUMERAZIONE-ORIGINALE-BRESCIA
005 20260206230753.0
008 260206s9999 xx 000 0 und d
100 |a AA.VV. 
245 0 |a Il cesso degli angeli 
260 |a Milano 
260 |b Gammalibri 
260 |c 1979 
500 |a Documento 
500 |a Graffiti sessuali sui muri di una metropoli 
942 |2 ddc  |c BK  |n 0 
952 |0 0  |1 0  |2 ddc  |4 0  |6 26  |7 0  |9 28626  |a BS  |b BS  |d 2026-02-06  |i 499  |l 0  |o 2-6-*  |r 2026-02-06 22:40:39  |w 2026-02-06  |x [REVISIONARE]  |y BK 
999 |c 24284  |d 24284